000
00303nam a2200121Ia 4500
008
220204s9999 xx 000 0 und d
082
_a
338.45633.72(540)
_b
CHA
100
_a
CHAUDHURI, M R
245
0
_a
Tea industry in India
260
_a
Calcutta
_b
Oxford
_c
1978
650
_a
Tea industry
942
_c
BK
999
_c
30165
_d
30165